书目信息 |
| 题名: |
中国神话传说 上
|
|
| 作者: | 袁珂 著 | |
| 分册: | ||
| 出版信息: | 北京 人民文学出版社 1998.10 |
|
| 页数: | 403页 | |
| 开本: | 32开 | |
| 丛书名: | ||
| 单 册: | ||
| 中图分类: | I277.5 | |
| 科图分类: | ||
| 主题词: | 民间文学--中国 | |
| 电子资源: | ||
| ISBN: | 7-02-002451-3 | |
| 000 | 00551nam0 2200193 45 | |
| 001 | 0010221197 | |
| 005 | 20001022113802.4 | |
| 010 | @a7-02-002451-3@d17.00元 | |
| 100 | @a20001022d1998 km y0chiy0120 ea | |
| 101 | 0 | @achi |
| 105 | @a z 000yy | |
| 200 | 1 | @a中国神话传说 上@AZhong Guo Shen Hua Chuan Shuo Shang@f袁珂著@FYuan Ke Zhu |
| 210 | @a北京@c人民文学出版社@d1998.10 | |
| 215 | @a403页@d32开 | |
| 606 | 0 | @a民间文学@x中国 |
| 690 | @aI277.5@v3 | |
| 701 | 0 | @a袁珂@4著 |
| 801 | @aCN@bPftUser@c20001022 | |
| 905 | @b182221-225@dI277.5@eY.062:1@f5 | |
| 中国神话传说 上/袁珂著.-北京:人民文学出版社,1998.10 |
| 403页;32开 |
| ISBN 7-02-002451-3:17.00元 |
| ● |
| 相关链接 |
|
|
|
正题名:中国神话传说上
索取号:I277.5/Y.062:1
 
预约/预借
| 序号 | 登录号 | 条形码 | 馆藏地/架位号 | 状态 | 备注 |
| 1 | 182221 | 201822215 | 文学库116/ [索取号:I277.5/Y.062:1] | 在馆 | |
| 2 | 182222 | 201822224 | 社科二线422/422社科库 26排22列4层/ [索取号:I277.5/Y.062:1] | 在馆 | |
| 3 | 182223 | 201822233 | 社科二线422/422社科库 26排22列4层/ [索取号:I277.5/Y.062:1] | 在馆 | |
| 4 | 182224 | 201822242 | 社科二线422/422社科库 26排22列4层/ [索取号:I277.5/Y.062:1] | 在馆 | |
| 5 | 182225 | 201822251 | 社科二线422/422社科库 26排22列4层/ [索取号:I277.5/Y.062:1] | 在馆 |